ბათუმის შოთა რუსთაველის სახელმწიფო უნივერსიტეტის ბიბლიოთეკა

სატყეო მეურნეობის ისტორიის საკითხები (ბიბ.ჩანაწერი № 43387)

000 -LEADER
fixed length control field 00800nam a2200205Ia 4500
001 - CONTROL NUMBER
control field 10115
003 - CONTROL NUMBER IDENTIFIER
control field GE_BSU
008 - FIXED-LENGTH DATA ELEMENTS--GENERAL INFORMATION
fixed length control field 181216s||||||||xx |||||||||||||| ||und||
020 ## - INTERNATIONAL STANDARD BOOK NUMBER
International Standard Book Number 9789941446344
040 ## - CATALOGING SOURCE
Transcribing agency GE_BSU
080 ## - UNIVERSAL DECIMAL CLASSIFICATION NUMBER
Universal Decimal Classification number 630(479.22)(09)
100 ## - MAIN ENTRY--PERSONAL NAME
Personal name ყიფშიძე, იოსებ
245 ## - TITLE STATEMENT
Title სატყეო მეურნეობის ისტორიის საკითხები
245 ## - TITLE STATEMENT
Statement of responsibility, etc. საგამომც. ჯგუფი ეთერ კვანჭიანი,ვლადიმერ პერანიძე,ალექსანდრე ჯიქურიძე,ილია ხელაია
260 ## - PUBLICATION, DISTRIBUTION, ETC.
Place of publication, distribution, etc. თბილისი
260 ## - PUBLICATION, DISTRIBUTION, ETC.
Name of publisher, distributor, etc. ინტელექტი
260 ## - PUBLICATION, DISTRIBUTION, ETC.
Date of publication, distribution, etc. 2013
300 ## - PHYSICAL DESCRIPTION
Extent 167გვ.20სმ.
942 ## - ADDED ENTRY ELEMENTS (KOHA)
Koha item type წიგნი
ეგზემპლარები
Withdrawn status Lost status Damaged status Not for loan Date acquired Barcode Date last seen Price effective from Koha item type
        2018-12-17 18698 2018-12-17 2018-12-17 წიგნი